La mística clásica espan̄ola: estudio místico-literario sobre San Juan de la Cruz y Santa Teresa de Jesús

Enregistré dans:  
Détails bibliographiques
Auteur principal: González, Sergio 1920- (Auteur)
Collectivités auteurs: Princeton Theological Seminary. MitwirkendeR (Collaborateur) ; Henry Luce Foundation. SponsorIn (Commanditaire)
Type de support: Électronique Livre
Langue:Espagnol
Vérifier la disponibilité: HBZ Gateway
Interlibrary Loan:Interlibrary Loan for the Fachinformationsdienste (Specialized Information Services in Germany)
Publié: Bogotá Pontificia Universidad Católica Javeriana 1955
Dans:Année: 1955
Sujets non-standardisés:B Practical Theology
B Mysticism (Spain)
B John of the Cross Saint (1542-1591) Criticism and interpretation
B Teresa of Avila, Saint (1515-1582) Criticism and interpretation
B Publication universitaire
Accès en ligne: Volltext (kostenfrei)
Sammlungen:

MARC

LEADER 00000cam a22000002c 4500
001 1894925866
003 DE-627
005 20241205054939.0
007 cr uuu---uuuuu
008 240709s1955 xx |||||om 00| ||spa c
035 |a (DE-627)1894925866 
035 |a (DE-599)KXP1894925866 
035 |a (PRTC)lamisticaclasica00gonz 
040 |a DE-627  |b ger  |c DE-627  |e rda 
041 |a spa 
084 |a 1  |2 ssgn 
100 1 |a González, Sergio  |d 1920-  |e VerfasserIn  |4 aut 
245 1 3 |a La mística clásica espan̄ola  |b estudio místico-literario sobre San Juan de la Cruz y Santa Teresa de Jesús  |c por Sergio González 
264 1 |a Bogotá  |b Pontificia Universidad Católica Javeriana  |c 1955 
300 |a 1 Online-Ressource (233 p.) 
336 |a Text  |b txt  |2 rdacontent 
337 |a Computermedien  |b c  |2 rdamedia 
338 |a Online-Ressource  |b cr  |2 rdacarrier 
500 |a Bibliography: p. [15]-19 
502 |a Thesis (doctoral)--Universidad Católica Javeriana, Bogotá, 1955. 
600 1 0 |a John of the Cross  |c Saint  |d 1542-1591  |x Criticism and interpretation 
600 1 0 |a Teresa  |c of Avila, Saint  |d 1515-1582  |x Criticism and interpretation 
650 0 |a Mysticism  |z Spain 
655 0 |a Practical Theology 
655 7 |a Hochschulschrift  |0 (DE-588)4113937-9  |0 (DE-627)105825778  |0 (DE-576)209480580  |2 gnd-content 
710 2 |a Princeton Theological Seminary  |e MitwirkendeR  |4 ctb 
710 2 |a Henry Luce Foundation  |e SponsorIn  |4 spn 
856 4 0 |u https://commons.ptsem.edu/id/lamisticaclasica00gonz  |m X:PRTC  |x Digitalisierung  |z kostenfrei  |7 0 
935 |a PRTC  |a mteo 
951 |a BO 
ELC |a 1 
LOK |0 000 xxxxxcx a22 zn 4500 
LOK |0 001 4548623930 
LOK |0 003 DE-627 
LOK |0 004 1894925866 
LOK |0 005 20240709144148 
LOK |0 008 240709||||||||||||||||ger||||||| 
LOK |0 035   |a (DE-Tue135)lamisticaclasica00gonz 
LOK |0 040   |a DE-Tue135  |c DE-627  |d DE-Tue135 
LOK |0 092   |o n 
LOK |0 689   |a f  |a Thesis 
LOK |0 852   |a DE-Tue135 
LOK |0 852 1  |9 00 
LOK |0 866   |x SPQUE#Theological Commons Princeton 
LOK |0 935   |a PRTC 
LOK |0 939   |a 09-07-24  |b l01 
OAS |a 1 
ORI |a SA-MARC-ixtheoa001.raw